00674nam a2200217 i 4500001000700000003000900007005001700016008004100033020001800074080001400092100002200106245005300128260003500181300006000216490002000276500001500296504002000311600003900331830002000370852006600390170047ES-MaACL20250516162413.0090119s1999 fr |||| |bfre d a2-07-074803-0 a929 Bizet1 aStricker, Rémy.10aGeorges Bizet b: 1838-1875 / cRémy Stricker. a[Paris] : bGallimard, c1999. a377, [2] p.,[8] p. de lám. : bil., mús. ; c24 cm.1 aNRF biographies aÍndices. aBibliografía.17aBizet, Georges, d1838-18752embne0 aNRF biographies aES-MaACLjE-12397 z. - Biblioteca Jacinto Martínez Lacalle